Fall Out Boy songs - Statistics

General Stats
  • This quiz has been taken 400 times
  • The average score is 11 of 22
Answer Stats
Hint Answer % Correct
some legends are told, some turn to dust or to gold but you will remember me for ________ Centuries
96%
she wants to dance like __________ Uma Thurman
79%
Careful making wishes in the dark my songs know what you did in the dark
72%
hey young blood doesn't it feel like our time is running out? the Phoenix
64%
it was the ___________you and i were fire, fire, fireworks Fourth of July
62%
i don't know where your going but do you have room for one more troubled soul? alone together
61%
we are wild, we are like _________ young volcanoes
61%
i love the way you hurt me, its _______ irresistible
60%
if Heaven's grief brings hell's rain, then id trade all my tomorrows for __________ just one yesterday
59%
they took our love and they filled it up, filled it up with _______ and now im just numb novocaine
58%
we could be _______ just not for long immortals
56%
you are what you love not who loves you, in a world full of yes im here to scream no. save rock and roll
55%
but we are alive here in __________ death valley
50%
and i spin for you like your __________ used to do favorite record
50%
baby you were my picket fence i _________ now and then miss missing you
46%
are you ready for another bad poem? rat a tat
45%
i came to collect your hearts, its the only reason that is sing where did the party go
45%
shes in a long black coat tonight, waiting for me in the downpour outside, shes singing "baby come home" in a melody of tears while the rhythm of the rain keeps time jet pack blues
44%
and in the end, id do it all again, i think you're my best friend dont you know that _______ the kids aren't alright
42%
did you trip down twelve steps in the Malibu? the mighty fall
30%
shes an ________ im an __________ american beauty/ american pyscho
6%
There's a _________that shares our fate and deserves our pity twin skeletons (room in a hotel in NYC)
4%
No matching quizzes found
Score Distribution
Percent of People with Each Score
Percentile by Number Answered
Your Score History
You have not taken this quiz